[Event "Open"]
[Site "Pula CRO"]
[Date "2007.06.29"]
[Round "8"]
[White "Schneider,Ve"]
[Black "Gullaksen,E"]
[Result "0-1"]
[WhiteElo "2238"]
[BlackElo "2412"]

1.e4 c5 2.c3 Nf6 3.e5 Nd5 4.Nf3 Nc6 5.d4 cxd4 6.cxd4 d6 7.Bc4 Nb6 8.Bb5 Bd7
9.Nc3 e6 10.O-O a6 11.Bd3 dxe5 12.dxe5 Nb4 13.Be4 Bc6 14.Bxc6+ Nxc6 15.Qe2 Be7
16.Rd1 Qc7 17.Qe4 O-O 18.h4 Rfd8 19.Bg5 h6 20.Bxe7 Qxe7 21.Qg4 Rxd1+ 22.Rxd1 Rd8
23.Rxd8+ Qxd8 24.Ne4 Kf8 25.Qg3 Nd4 26.Nxd4 Qxd4 27.Nd6 Nd7 28.Nxb7 Qxb2
29.Nd6 Nxe5 30.Qf4 Ke7 31.Nc4 Qb1+ 32.Kh2 Nxc4 33.Qc7+ Kf6 34.Qxc4 Qb5 35.Qf4+ Qf5
36.Qd2 a5 37.g3 Kg6 38.Kg1 Qd5 39.Qc2+ f5 40.Qa4 Kf7 41.a3 Qd2 42.Qb3 Kf6
43.a4 g5 44.hxg5+ hxg5 45.Qb5 g4 46.Qe8 Qd1+ 47.Kg2 Qd5+ 48.Kg1 Ke5 49.Qb8+ Kd4
50.Qb2+ Kc4 51.Qb6 e5 52.Qb1 e4 53.Qa2+ Kc5 54.Qa3+ Kd4 55.Qa1+ Kd3 56.Qd1+ Kc4
57.Qb1 Qc5 58.Kg2 Qb4 59.Qf1+ Kd4 60.Qa1+ Qc3 61.Qd1+ Kc5 62.Qd7 Kb4 63.Kh2 Qe5
64.Qc6 Qc5  0-1

[Event "35th World Open"]
[Site "King of Prussia USA"]
[Date "2007.06.30"]
[Round "1"]
[White "Carroll,W"]
[Black "Bercys,S"]
[Result "0-1"]
[WhiteElo "2038"]
[BlackElo "2438"]

1.e4 c5 2.c3 Nf6 3.e5 Nd5 4.Nf3 Nc6 5.Bc4 Nb6 6.Bb3 c4 7.Bc2 Qc7 8.Qe2 g5
9.Nxg5 Qxe5 10.Qxe5 Nxe5 11.O-O h6 12.Re1 Bg7 13.Ne4 d5 14.f4 Nc6 15.Nd6+ Kf8
16.Nxc8 Rxc8 17.d4 cxd3 18.Bxd3 d4 19.f5 Nd5 20.c4 Ndb4 21.Be4 d3 22.Na3 Nd4
23.Rb1 Ne2+ 24.Kf1 Nxc1 25.Rexc1 Be5 26.g3 h5 27.Rd1 h4 28.Bxd3 hxg3 29.hxg3 Rh1+
30.Kg2 Rxd1 31.Rxd1 Bxb2 32.Nb1 Nxd3 33.Rxd3 Rxc4 34.Rb3 Be5 35.Rxb7 Rc2+
36.Kf3 Rxa2 37.g4 Rb2 38.Rxb2 Bxb2 39.Nd2 a5 40.Nc4 a4  0-1

[Event "Asian Youth BU18"]
[Site "Tashkent UZB"]
[Date "2007.06.30"]
[Round "3"]
[White "Sadeh,S"]
[Black "Akkozov,B"]
[Result "1-0"]
[WhiteElo "2178"]
[BlackElo "2266"]

1.e4 c5 2.c3 Nf6 3.d3 Nc6 4.f4 d6 5.Nf3 e5 6.Be2 Be7 7.O-O Rb8 8.a4 a6 9.Qe1 b5
10.axb5 axb5 11.Na3 Bg4 12.Qg3 h5 13.Nc2 Qb6 14.fxe5 dxe5 15.Ne3 Rd8 16.h3 h4
17.Qf2 Be6 18.Ng5 Na5 19.Nxe6 fxe6 20.Ng4 Nb3 21.Rb1 Nxc1 22.Rbxc1 Qb8 23.Ra1 Nh5
24.Qf7+ Kd7 25.Nxe5+ Qxe5 26.Ra7+ Kc6  1-0

[Event "94th ch-GBR"]
[Site "Great Yarmouth ENG"]
[Date "2007.07.01"]
[Round "3"]
[White "Lyell,M"]
[Black "Lewis,An"]
[Result "1/2-1/2"]
[WhiteElo "2187"]
[BlackElo "2284"]

1.e4 c5 2.c3 Nf6 3.e5 Nd5 4.d4 cxd4 5.Nf3 e6 6.cxd4 d6 7.Bc4 Nc6 8.O-O Be7
9.Qe2 O-O 10.Rd1 Bd7 11.Bxd5 exd5 12.Nc3 Be6 13.Bf4 Re8 14.Qd3 a6 15.exd6 Bxd6
16.Bxd6 Qxd6 17.Re1 f6 18.h3 Nb4 19.Qd2 Bf5 20.Nh4 Bd7 21.a3 Nc6 22.Na4 Re4
23.Nf3 Rae8 24.Nc5 Rxe1+ 25.Rxe1 Nd8 26.Rxe8+ Bxe8 27.Qe3 Bc6 28.b4 b6 29.Nxa6 Bb5
30.Nc5 bxc5 31.dxc5 Qe6 32.Nd4 Qd7 33.Nxb5 Qxb5 34.Qe7 Nf7 35.Qe6 Kf8 36.c6 Qc4
37.Qc8+ Ke7 38.Qd7+ Kf8 39.Qc8+ Ke7 40.Qd7+ Kf8 41.Qc8+  1/2-1/2

[Event "King's Gambit A"]
[Site "Lipetsk RUS"]
[Date "2007.07.02"]
[Round "14"]
[White "Airapetian,G"]
[Black "Zontakh,A"]
[Result "0-1"]
[WhiteElo "2336"]
[BlackElo "2549"]

1.e4 c5 2.c3 Nf6 3.e5 Nd5 4.Nf3 e6 5.d4 cxd4 6.cxd4 d6 7.a3 Nc6 8.Bd3 dxe5
9.dxe5 g6 10.O-O Bg7 11.Qe2 O-O 12.Bd2 Nce7 13.Be4 Bd7 14.Nc3 Bc6 15.Nb5 Qb6
16.Nbd4 Rad8 17.Nxc6 Nxc6 18.Bg5 Rd7 19.Rad1 h6 20.Bxd5 Rxd5 21.Rxd5 exd5
22.Bf4 Re8 23.Rd1 g5 24.Bg3 f5 25.h4 f4 26.Bh2 g4 27.Bxf4 gxf3 28.Qxf3 Ne7
29.Qg4 Rf8 30.h5 d4 31.Rd2 Nf5 32.Qe2 Qc6 33.Rc2 Qd5 34.Rc7 d3 35.Qg4 d2
36.Bxd2 Qxd2 37.Rxb7 Qe1+ 38.Kh2 Qxe5+  0-1

[Event "Summer GM"]
[Site "Lugansk UKR"]
[Date "2007.07.02"]
[Round "3"]
[White "Vysochin,S"]
[Black "Bryzgalin,K"]
[Result "1/2-1/2"]
[WhiteElo "2518"]
[BlackElo "2482"]

1.e4 c5 2.c3 Nf6 3.e5 Nd5 4.d4 cxd4 5.Nf3 e6 6.cxd4 b6 7.Bc4 Bb7 8.O-O Be7
9.Nc3 Nxc3 10.bxc3 Qc7 11.Qe2 Nc6 12.Bd3 Na5 13.Bd2 Rc8 14.Rac1 Nc4 15.Bf4 Bd5
16.Nd2 Nxd2 17.Qxd2 Bc4 18.Rfd1 O-O 19.h3 Qc6 20.Bb1  1/2-1/2

[Event "ch-BEL Expert"]
[Site "Namur BEL"]
[Date "2007.07.04"]
[Round "5"]
[White "Van Mechelen,J"]
[Black "Bolzoni,V"]
[Result "1-0"]
[WhiteElo "2279"]
[BlackElo "2208"]

1.e4 c5 2.c3 Nf6 3.e5 Nd5 4.d4 Qa5 5.a3 cxd4 6.b4 Qc7 7.cxd4 d6 8.Bb2 Bf5
9.Nd2 dxe5 10.Rc1 Qd7 11.Ngf3 Nf4 12.Nxe5 Qd5 13.Rg1 Nd7 14.Bc4 Nxe5 15.Bxd5 Ned3+
16.Kf1 Nxd5 17.Qa4+ Bd7 18.Qb3 N5f4 19.Rc3 Bb5 20.Nc4 Nxb2 21.Qxb2 Nd5 22.Ke1 Nxc3
23.Qxc3 Rd8 24.Ne5 f6 25.Ng4 h5 26.Ne3 e6 27.Qb3 Kf7 28.d5 exd5 29.Nxd5 Kg6
30.g4 h4 31.Nf4+ Kh6 32.g5+ fxg5 33.Qe6+ Kh7 34.Rxg5 Be8 35.Rg4 g5 36.Qf5+ Kg8
37.Qxg5+ Kf7 38.Qg6+ Ke7 39.Qe6+  1-0

[Event "Asian Youth GU18"]
[Site "Tashkent UZB"]
[Date "2007.07.04"]
[Round "6"]
[White "Davletbayeva,M"]
[Black "Lakshmi,Sah"]
[Result "1-0"]
[WhiteElo "2165"]
[BlackElo "2134"]

1.e4 c5 2.c3 Nf6 3.e5 Nd5 4.Nf3 Nc6 5.Bc4 Nb6 6.Bb3 d5 7.exd6 Qxd6 8.O-O e6
9.d4 cxd4 10.Nxd4 Nxd4 11.cxd4 Bd7 12.Nc3 Bc6 13.Re1 Rd8 14.Qh5 g6 15.Qh3 Bg7
16.Bg5 Ra8 17.d5 Bxd5 18.Rad1 h6 19.Nxd5 hxg5 20.Nf6+ Bxf6 21.Qxh8+ Bxh8
22.Rxd6 Bxb2 23.g3 Ke7 24.Red1 Rc8 25.a4 Rc7 26.R6d2 Bf6 27.Kf1  1-0

[Event "Asian Youth BU18"]
[Site "Tashkent UZB"]
[Date "2007.07.04"]
[Round "6"]
[White "Sadeh,S"]
[Black "Sai,Sr"]
[Result "1/2-1/2"]
[WhiteElo "2178"]
[BlackElo "2321"]

1.e4 c5 2.c3 Nf6 3.d3 d6 4.f4 g6 5.Nf3 Bg7 6.Be2 O-O 7.O-O Nc6 8.a4 a6 9.Qe1 c4
10.Na3 cxd3 11.Bxd3 Na5 12.Bc2 Qc7 13.h3 Bd7 14.Be3 b5 15.axb5 axb5 16.Qh4 b4
17.cxb4 Nc4 18.Nxc4 Qxc4 19.Rac1 Qxb4 20.Bd4 Nxe4 21.Bxg7 Kxg7 22.Bxe4 Qxe4
23.Rfe1 Qf5 24.Rxe7 Rfe8 25.Rce1 Rxe7 26.Rxe7 h6 27.Nd4 Qd5 28.Qf2 Ra4 29.Ne2 Be6
30.Nc3 Ra1+ 31.Kh2 Qc4 32.Qd2 Qc5 33.Ne2 Ra4 34.Rb7 Bd5 35.Rb8 Rc4 36.Nc3 Bc6
37.Rd8 d5 38.Ne2 Qb6 39.b3 Qxb3 40.Nd4 Qb6 41.Nxc6 Qxc6 42.Qb2+ d4 43.Rxd4 Qf6
44.Rd2  1/2-1/2

[Event "REDA"]
[Site "Brno CZE"]
[Date "2007.07.06"]
[Round "9"]
[White "Zavadil,M"]
[Black "Kashlinskaya,A"]
[Result "0-1"]
[WhiteElo "2138"]
[BlackElo "2229"]

1.e4 c5 2.c3 Nf6 3.e5 Nd5 4.d4 cxd4 5.Nf3 Nc6 6.cxd4 d6 7.exd6 e6 8.Bd3 Bxd6
9.O-O O-O 10.Nc3 Nce7 11.Qe2 Bd7 12.Bb1 Bc6 13.Qd3 Ng6 14.Bg5 Qa5 15.h4 Ndf4
16.Qe3 h6 17.Bxf4 Bxf4 18.Qe2 Qh5 19.Be4 Nxh4 20.Nxh4 Qxh4 21.g3 Qg5 22.Bxc6 bxc6
23.Qf3 Bd2 24.Ne4 Qa5 25.a3 Bg5 26.Nxg5 Qxg5 27.Qxc6 Qg4 28.Rac1 Qxd4 29.b4 Rad8
30.Rc2 Rd5 31.Rfc1 Rfd8 32.Qc3 Qe4 33.Re1 Qg4 34.Qc4 Qf3 35.Qe2 Qxa3 36.Ra2 Qxb4  0-1

[Event "Open A"]
[Site "Kowalewo Pomorskie POL "]
[Date "2007.07.07"]
[Round "5"]
[White "Opalinski,Se"]
[Black "Bartosik,P2"]
[Result "0-1"]
[WhiteElo "1813"]
[BlackElo "2024"]

1.e4 c5 2.c3 Nf6 3.e5 Nd5 4.d4 cxd4 5.cxd4 e6 6.Nc3 d6 7.Nxd5 exd5 8.f4 dxe5
9.dxe5 Bc5 10.Nf3 Nc6 11.a3 a5 12.Bd3 Bg4 13.Rb1 O-O 14.Bxh7+ Kh8 15.Bc2 Nd4
16.Qd3 Bf5 17.Qxf5 Nxf5 18.Bxf5 g6 19.Bd3 Rc8 20.h4 Kg7 21.g4 Qb6 22.b3 Be3
23.Bb2 Bxf4 24.Bd4 Qe6 25.h5 Qxg4 26.hxg6 Rh8 27.Rg1 Qxf3  0-1

[Event "IM"]
[Site "Antwerp BEL"]
[Date "2007.07.08"]
[Round "9"]
[White "De Wit,M"]
[Black "Van Beers,E"]
[Result "1/2-1/2"]
[WhiteElo "2265"]
[BlackElo "2359"]

1.e4 c5 2.c3 Nf6 3.e5 Nd5 4.Nf3 e6 5.Bc4 Nb6 6.Bb3 d6 7.Qe2 Qc7 8.O-O c4
9.Bc2 N8d7 10.exd6 Bxd6 11.Re1 Nf6 12.b3 Bd7 13.Ba3 Rc8 14.Ne5 cxb3 15.axb3 a6
16.d4 Bxa3  1/2-1/2

[Event "Open A"]
[Site "Oberwart AUT"]
[Date "2007.07.08"]
[Round "2"]
[White "Petschar,K"]
[Black "Brkic,A"]
[Result "1/2-1/2"]
[WhiteElo "2284"]
[BlackElo "2558"]

1.e4 c5 2.c3 Nf6 3.e5 Nd5 4.Nf3 Nc6 5.d4 cxd4 6.cxd4 d6 7.Bc4 Nb6 8.Bb5 dxe5
9.Nxe5 Bd7 10.Nxd7 Qxd7 11.O-O Rd8 12.Nc3 e6 13.Bg5 Be7 14.Bxe7 Qxe7 15.Qf3 O-O
16.Bxc6 bxc6 17.Ne2 Rd5 18.Rac1 Rc8 19.g3 c5 20.dxc5 Rdxc5 21.Rxc5 Rxc5 22.Rc1 Rxc1+
23.Nxc1 Qd6 24.Qd3 Qc7 25.Ne2 h6 26.Qc3 Qd6 27.Qd4 Qc6 28.Qd8+ Kh7 29.Qd3+ Kg8
30.Qd8+ Kh7 31.Qd3+ Kg8  1/2-1/2

[Event "ch-SCO"]
[Site "Cumbernauld SCO"]
[Date "2007.07.09"]
[Round "3"]
[White "Spencer,E"]
[Black "Grant,A"]
[Result "0-1"]
[WhiteElo "2203"]
[BlackElo "2221"]

1.e4 c5 2.c3 Nf6 3.e5 Nd5 4.d4 cxd4 5.cxd4 d6 6.Nf3 e6 7.Nc3 Nxc3 8.bxc3 Qc7
9.Bd2 Nc6 10.exd6 Bxd6 11.Bd3 b6 12.Qe2 Bb7 13.O-O Ne7 14.g3 h6 15.Nh4 Kf8
16.f3 Rc8 17.Rac1 g6 18.Ng2 Kg7 19.Bf4 Rhd8 20.Bxd6 Qxd6 21.Be4 Bd5 22.Ne3 Qa3
23.Qd2 f5 24.Bd3 Qd6 25.g4 f4 26.Ng2 g5 27.Bb1 Rh8 28.Qc2 Qc6 29.Ne1 h5 30.Nd3 Qe8
31.Qe2 Ng6 32.Ne5 Nh4 33.c4 Ba8 34.d5 Qe7 35.gxh5 exd5 36.cxd5 Rxc1 37.Rxc1 Nxf3+
38.Qxf3 Qxe5 39.Be4 Re8 40.h6+ Kh8 41.Qc3 Qxc3 42.Rxc3 Rxe4 43.Rc8+ Kh7 44.Rxa8 Rd4
45.Rxa7+ Kxh6 46.Ra6 Rxd5 47.Rxb6+ Kh5 48.Rb1 Ra5 49.Rb2 Kg4 50.Kg2 Ra3 51.Kg1 Kh4
52.Rf2 Rc3 53.Kg2 Kg4 54.Rb2 Kh4 55.Rf2 Ra3 56.Rb2 g4 57.Rc2 Rd3 58.Rb2 f3+
59.Kg1 g3 60.hxg3+ Kxg3 61.Rb1 Rd2 62.Ra1 Rg2+  0-1

[Event "XXX Open"]
[Site "Barbera del Valles ESP"]
[Date "2007.07.11"]
[Round "6"]
[White "Cuartas,Ja"]
[Black "Alonso Rosell,A"]
[Result "1-0"]
[WhiteElo "2504"]
[BlackElo "2285"]

1.e4 c5 2.c3 Nf6 3.e5 Nd5 4.Nf3 Nc6 5.d4 cxd4 6.cxd4 d6 7.Bc4 Nb6 8.Bb5 Bd7
9.Nc3 dxe5 10.dxe5 a6 11.Be2 Bf5 12.Be3 Nd7 13.Nh4 e6 14.Nxf5 exf5 15.O-O Bc5
16.e6 fxe6 17.Qb3 Bxe3 18.Qxe6+ Qe7 19.Qxe3 Qxe3 20.fxe3 g6 21.e4 fxe4 22.Nxe4 Ke7
23.Ng5 Nde5 24.Bf3 Raf8 25.Bxc6 Nxc6 26.Rae1+ Kd7 27.Rxf8 Rxf8 28.Nxh7 Rf5
29.h4 Rf7 30.Ng5 Rf4 31.g3 Rd4 32.Nf3 Rd3 33.Kf2 Kd6 34.g4 Rd5 35.Re8 Rc5
36.Re2 b5 37.Kg3 Rd5 38.Kf4 Nb4 39.Re8 Nd3+ 40.Kg3 Kd7 41.Re2 Kd6 42.Ng5 Ne5
43.h5 gxh5 44.gxh5 Nd3 45.Ne4+ Kc7 46.Rd2 Kc6 47.h6 Ne5 48.h7 Nf7 49.Rc2+ Kb6
50.Rf2 Nh8 51.Rf8 Ng6 52.Rf6+  1-0

[Event "FSGM July"]
[Site "Budapest HUN"]
[Date "2007.07.11"]
[Round "5"]
[White "Smerdon,D"]
[Black "Bui Vinh"]
[Result "1-0"]
[WhiteElo "2461"]
[BlackElo "2466"]

1.e4 c5 2.c3 Nf6 3.e5 Nd5 4.d4 cxd4 5.Nf3 d6 6.cxd4 e6 7.Bc4 Nb6 8.Bd3 dxe5
9.dxe5 Na6 10.Qe2 Nc5 11.Bc2 Nd5 12.O-O Bd7 13.Rd1 Be7 14.Nbd2 Qb6 15.Ne4 Nxe4
16.Qxe4 Rc8 17.Bb3 Bc6 18.Qg4 O-O 19.Bh6 g6 20.Bxf8 Rxf8 21.Rac1 a5 22.Qd4 Qd8
23.Ba4 Bxa4 24.Qxa4 b6 25.a3 Qb8 26.Rd2 Bc5 27.Qh4 Kg7 28.Rxd5 exd5 29.b4  1-0

[Event "Canadian Open"]
[Site "Ottawa CAN"]
[Date "2007.07.11"]
[Round "6"]
[White "Howell,D"]
[Black "Mikhalevski,V"]
[Result "1-0"]
[WhiteElo "2519"]
[BlackElo "2598"]

1.e4 c5 2.c3 Nf6 3.e5 Nd5 4.Nf3 Nc6 5.d4 cxd4 6.cxd4 d6 7.Bc4 Nb6 8.Bb5 dxe5
9.Nxe5 Bd7 10.Nxd7 Qxd7 11.Nc3 e6 12.O-O Rd8 13.a4 Be7 14.a5 Nd5 15.a6 Ndb4
16.axb7 Qxb7 17.Qf3 O-O 18.Be3 a6 19.Ba4 Bf6 20.Rfd1 Qb6 21.d5 Nd4 22.Qe4 e5
23.f4 Nxd5 24.Nxd5 Rxd5 25.Qxd5 Ne2+ 26.Kf2 Qxb2 27.Ra2 Qxa2 28.Qxa2 Nc3
29.Qc4 exf4 30.Bxf4 Nxd1+ 31.Bxd1  1-0

[Event "XXX Open"]
[Site "Barbera del Valles ESP"]
[Date "2007.07.12"]
[Round "7"]
[White "Canal Oliveras,J"]
[Black "Chalmeta Ugas,R"]
[Result "1-0"]
[WhiteElo "2236"]
[BlackElo "2176"]

1.e4 c5 2.c3 Nf6 3.e5 Nd5 4.d4 cxd4 5.cxd4 e6 6.a3 d6 7.Nf3 Nd7 8.exd6 Bxd6
9.Nc3 Nxc3 10.bxc3 Qc7 11.c4 b6 12.Bb2 Bb7 13.Bd3 O-O 14.O-O Bxf3 15.Qxf3 Bxh2+
16.Kh1 Bd6 17.g3 f5 18.Kg2 Nf6 19.Rh1 g6 20.c5 bxc5 21.dxc5 Be5 22.Bxe5 Qxe5
23.Rac1 Qd5 24.Bc4 Qxf3+ 25.Kxf3 Kf7 26.c6 Rfc8 27.Ba6 Rc7 28.Bb7 Rd8 29.Rhd1 Rxd1
30.Rxd1 Nd5 31.Rd4 Kf6 32.Ke2 Ke5 33.Kd3 g5 34.Kc4 Rg7 35.Kc5 h5 36.Bc8 Rc7
37.Bxe6 Ne7 38.Bd7 f4 39.gxf4+ gxf4 40.Rd1 Nxc6 41.Bxc6 h4 42.Rd5+  1-0

[Event "Kaupthing Open"]
[Site "Differdange LUX"]
[Date "2007.07.12"]
[Round "7"]
[White "Zelbel,P"]
[Black "Holm,S"]
[Result "1-0"]
[WhiteElo "2193"]
[BlackElo "2262"]

1.e4 c5 2.c3 Nf6 3.e5 Nd5 4.Nf3 Nc6 5.Bc4 Nb6 6.Bb3 d5 7.exd6 c4 8.Bc2 Qxd6
9.O-O g6 10.Qe2 Bg7 11.Na3 Be6 12.d4 O-O 13.Nd2 Qc7 14.Ne4 Rad8 15.Be3 Bd5
16.f4 e6 17.Ng5 a6 18.Qg4 Ne7 19.Qh3 h6 20.Nf3 Nf5 21.Ne5 Nxe3 22.Qxe3 Nd7
23.g4 b5 24.Nb1 Bb7 25.Nd2 Rfe8 26.Ne4 Nf6 27.Nc5 Bc8 28.Qh3 Bf8 29.g5 hxg5
30.Ne4 Nxe4 31.Bxe4 f5 32.Bc6 Re7 33.fxg5 Rh7 34.Qg2 Bd6 35.Rae1 Kg7 36.Kf2 Rdh8
37.Rh1 Rh4 38.Bf3 Rh3 39.Qg1 Qa5 40.Bg2 R3h4 41.Nf3 Rg4 42.h3 Bg3+ 43.Kf1 Re4
44.Rxe4 fxe4 45.Ne5 Rf8+ 46.Ke2 Bb7 47.Ng4 Rf3  1-0

[Event "Inautomarket Open"]
[Site "Minsk BLR"]
[Date "2007.07.12"]
[Round "3"]
[White "Vysochin,S"]
[Black "Romanenko,Vl"]
[Result "0-1"]
[WhiteElo "2518"]
[BlackElo "2402"]

1.e4 c5 2.c3 Nf6 3.e5 Nd5 4.Nf3 Nc6 5.Bc4 Nb6 6.Bb3 c4 7.Bc2 Qc7 8.Qe2 g5
9.Na3 g4 10.Nb5 Qb8 11.Ng5 Nxe5 12.O-O d5 13.d4 cxd3 14.Bxd3 Nxd3 15.Qxd3 h6
16.Nh7 Bg7 17.Re1 Bd7 18.a4 a6 19.Nd4 Qd6 20.a5 Nc8 21.Nf5 Bxf5 22.Qxf5 e5
23.Bxh6 Qxh6 24.Rxe5+ Ne7 25.Rxe7+ Kxe7 26.Re1+ Kd6 27.c4 Rae8 28.Qxd5+ Kc7
29.Qxf7+ Kd8 30.Rd1+ Kc8  0-1

[Event "Ikaros Festival"]
[Site "Agios Kirykos GRE"]
[Date "2007.07.13"]
[Round "7"]
[White "Kostouros,A"]
[Black "Agrapidis,T"]
[Result "1-0"]
[WhiteElo "2223"]
[BlackElo "2072"]

1.e4 c5 2.c3 Nf6 3.e5 Nd5 4.d4 e6 5.f4 Nc6 6.c4 Qa5+ 7.Bd2 Ndb4 8.d5 Nd4
9.Na3 exd5 10.cxd5 b5 11.Nf3 a6 12.Nxd4 cxd4 13.d6 Bb7 14.Qb3 Qb6 15.Qxb4 Rc8
16.Qa5 Qc6 17.Kf2 Qd5 18.Rg1 f6 19.Be2 fxe5 20.Bf3 e4 21.Bxe4 Qxe4 22.Rae1 Kf7
23.Rxe4 Bxe4 24.Qxa6 Ra8 25.Qxb5 Bxd6 26.Qxd7+ Be7 27.Qxd4 Bf5 28.Bc3 Bf6
29.Qd5+ Be6 30.Qb7+ Kg6 31.Bxf6 Kxf6 32.Re1 Rhb8 33.Qc6 Rxb2+ 34.Kg1  1-0

[Event "22nd North Sea Cup"]
[Site "Esbjerg DEN"]
[Date "2007.07.15"]
[Round "4"]
[White "Skovgaard,Pe2"]
[Black "Akdag,D"]
[Result "1/2-1/2"]
[WhiteElo "2251"]
[BlackElo "2080"]

1.e4 c5 2.c3 Nf6 3.e5 Nd5 4.Nf3 e6 5.d4 cxd4 6.cxd4 Nc6 7.Nc3 d6 8.exd6 Bxd6
9.Bc4 O-O 10.O-O Nxc3 11.bxc3 Qc7 12.Bd3 h6 13.Re1 e5 14.h3 b6 15.dxe5 Nxe5
16.Nxe5 Bxe5 17.Qf3 Qxc3 18.Ba3 Bb7 19.Qxb7 Qxa3 20.Re3 Qxd3 21.Rxd3 Bxa1
22.Rd7 Rab8 23.Qxa7 Ra8 24.Qxb6 Rxa2 25.Rd8 Ra8 26.Rxa8 Rxa8 27.g3 g6 28.Kg2 Kg7
29.Qb7 Rd8 30.Qb4 Bf6 31.h4 Rd4 32.Qa5 Re4 33.Kh3 Re2 34.f3 Re3 35.Qd5 Re6
36.Qb5 Re3 37.Qd5 Re5 38.Qd3 Rc5 39.Qe4 Re5 40.Qa8 Rc5 41.g4 Rc2 42.Qa5 Re2
43.Qb5 Re5 44.Qd3 g5 45.hxg5 hxg5 46.Kg2 Rc5 47.Kf2 Re5 48.Qc4 Re6 49.Qf1 Rb6
50.Ke3 Rb4 51.Qh1 Rb3+ 52.Ke4 Rb4+ 53.Kd5 Rd4+ 54.Kc5 Rf4 55.Qg2 Rd4 56.Qe2 Rf4
57.Qd1 Be7+ 58.Kc6 Bf6 59.Kd5 Rb4 60.Qd2 Rf4 61.Qe3 Ra4 62.Kc6 Rc4+ 63.Kb5  1/2-1/2

[Event "22nd North Sea Cup"]
[Site "Esbjerg DEN"]
[Date "2007.07.15"]
[Round "5"]
[White "Karpatchev,A"]
[Black "Mikkelsen,N"]
[Result "0-1"]
[WhiteElo "2466"]
[BlackElo "2317"]

1.e4 c5 2.c3 Nf6 3.e5 Nd5 4.d4 cxd4 5.cxd4 d6 6.Bc4 Nb6 7.Bb5+ Nc6 8.Nf3 dxe5
9.Nxe5 Bd7 10.Nxd7 Qxd7 11.Nc3 Rd8 12.O-O e6 13.Qg4 h5 14.Qe2 Be7 15.Be3 a6
16.Bxc6 Qxc6 17.Rac1 Nd5 18.Ne4 Qb5 19.Qf3 Nf6 20.Nc5 Rd5 21.Rc3 Bxc5 22.Rxc5 Rxc5
23.dxc5 Qxb2 24.Rd1 O-O 25.h3 Qb5 26.Qg3 Qe2 27.Rd4 Qxa2 28.Kh2 Qb1 29.Qf3 Nd5
30.Qxh5 Nxe3 31.fxe3 Qf5 32.Qxf5 exf5 33.Kg3 Rc8 34.Rd5 g6 35.Kf4 Rc6 36.g4 fxg4
37.hxg4 a5 38.Ke5 a4 39.Rd8+ Kg7 40.Kd5 a3 41.Ra8 Ra6 42.Rxa6 bxa6 43.c6 a2
44.c7 a1=Q 45.c8=Q a5 46.e4 Qa2+ 47.Kd4 Qd2+ 48.Ke5 a4 49.Qa6 Qg5+  0-1

[Event "22nd North Sea Cup"]
[Site "Esbjerg DEN"]
[Date "2007.07.15"]
[Round "5"]
[White "Engelbert,C"]
[Black "Andersen,Mad"]
[Result "1-0"]
[WhiteElo "2240"]
[BlackElo "2070"]

1.e4 c5 2.c3 Nf6 3.e5 Nd5 4.d4 cxd4 5.Nf3 Nc6 6.cxd4 d6 7.Bc4 Nb6 8.Bb5 dxe5
9.Nxe5 Bd7 10.Bxc6 Bxc6 11.Nxc6 bxc6 12.O-O g6 13.Re1 Bg7 14.Bg5 O-O 15.Bxe7 Qxd4
16.Nc3 Qxd1 17.Raxd1 Rfe8 18.Bc5 Nc4 19.Na4 Nxb2 20.Rxe8+ Rxe8 21.Nxb2 Bxb2
22.Bxa7 Ra8 23.Rd7 Re8 24.Kf1 Bc3 25.Be3 Rb8 26.Ke2 h5 27.Kd3 Be5 28.a4 Rb4
29.a5 Ra4 30.Rd8+ Kg7 31.Ra8 Bd6 32.a6 Ra3+ 33.Kc2 c5 34.a7 Be7 35.Kb2 Ra5
36.Kb3 Kf6 37.Kc4 Ke6 38.Bd2 Ra2 39.Kb5 Rxd2 40.Re8 Ra2 41.a8=Q Rxa8 42.Rxa8 Bd6
43.h3 Be7 44.Kc4 Bd6 45.Ra2 Kf5 46.Kd5 Be5 47.Kxc5 h4 48.Kd5 f6 49.Ra3 g5
50.Rf3+ Kg6 51.Ke6 Bd4 52.Rf5 Bc3 53.f3 Bd4 54.Rd5 Bc3 55.Rd8 Bb2 56.Rg8+ Kh6
57.Kf5 Kh7 58.Rg6 Bd4 59.Rxf6 Bxf6 60.Kxf6  1-0

[Event "XII Open"]
[Site "Balaguer ESP"]
[Date "2007.07.16"]
[Round "1"]
[White "Faro Perella,A"]
[Black "Castellanos,R"]
[Result "0-1"]
[WhiteElo "1971"]
[BlackElo "2471"]

1.e4 c5 2.c3 Nf6 3.e5 Nd5 4.d4 cxd4 5.Nf3 e6 6.cxd4 d6 7.Bc4 Nb6 8.Bb3 dxe5
9.dxe5 Qxd1+ 10.Bxd1 Bd7 11.O-O Bc6 12.Nd4 Bc5 13.Nb3 Be7 14.Nc3 N8d7 15.f4 Nc5
16.Be3 Nd3 17.Bf3 Nc4 18.Nd4 Nxe3 19.Nxc6 Bc5 20.Na4 Nxf1+ 21.Nxc5 Nxc5 22.Rxf1 bxc6
23.Bxc6+ Ke7  0-1

[Event "4th Marche Estate"]
[Site "Falconara ITA"]
[Date "2007.07.19"]
[Round "5"]
[White "Rotoni,M"]
[Black "Trygstad,K"]
[Result "1-0"]
[WhiteElo "2074"]
[BlackElo "2330"]

1.e4 c5 2.c3 Nf6 3.e5 Nd5 4.d4 cxd4 5.cxd4 e6 6.Nf3 d6 7.a3 Bd7 8.Bd3 Bc6
9.O-O Nd7 10.Re1 Rc8 11.b4 a6 12.Nbd2 dxe5 13.dxe5 Nc3 14.Qc2 Ba4 15.Nb3 a5
16.Qb2 axb4 17.axb4 Bxb4 18.Nbd4 Qa5 19.Nc2 Nd5 20.Nxb4 Qxb4 21.Qe2 Bc6 22.Ba3 Qb6
23.Qe4 Nf8 24.Qg4 Ng6 25.h4 h5 26.Qg3 Ndf4 27.Bxg6 Nxg6 28.Rad1 Qb3 29.Bd6 Bd5
30.Qg5 Bxf3 31.gxf3 Qxf3 32.Rd4 Rc2 33.Rf1 Qf5 34.Qe3 Rh6 35.Qa3 Rc8 36.Qa4+ Kd8
37.Bb8+ Ke7 38.Qd7+ Kf8 39.Qxc8+ Ke7 40.Qd7+ Kf8 41.Qd8+  1-0

[Event "Synthesia Rapid Open"]
[Site "Pardubice CZE"]
[Date "2007.07.19"]
[Round "9"]
[White "Sveshnikov,E"]
[Black "Zakhartsov,V"]
[Result "0-1"]
[WhiteElo "2504"]
[BlackElo "2559"]

1.e4 c5 2.c3 Nf6 3.e5 Nd5 4.d4 cxd4 5.cxd4 d6 6.Bc4 Nb6 7.Bb5+ Bd7 8.e6 Bxb5
9.Qh5 Qc8 10.Qxb5+ Kd8 11.Be3 fxe6 12.Nc3 Qc4 13.Qg5 Nd5 14.Nge2 Nxc3 15.Nxc3 Nc6
16.O-O-O g6 17.Rd2 Bg7 18.Rhd1 Bf6 19.Qg3 Nb4 20.Kb1 Rc8 21.Bg5 Bxg5 22.Qxg5 Nd5
23.Ne4 Kd7 24.Qh4 Rc6 25.Qh3 h5 26.a3 Rhc8 27.Qg3 b5 28.Qxg6 b4 29.Ng5 Nf4
30.Qe4 bxa3 31.Qxf4 Qb3 32.Qe3 a2+ 33.Ka1 Rc1+  0-1

[Event "22nd North Sea Cup"]
[Site "Esbjerg DEN"]
[Date "2007.07.20"]
[Round "10"]
[White "Engelbert,C"]
[Black "Salama,O"]
[Result "1/2-1/2"]
[WhiteElo "2240"]
[BlackElo "2173"]

1.e4 c5 2.c3 Nf6 3.e5 Nd5 4.d4 cxd4 5.Nf3 Nc6 6.Bc4 Nb6 7.Bb3 d6 8.exd6 Qxd6
9.O-O Be6 10.Bxe6 Qxe6 11.Nxd4 Nxd4 12.Qxd4 Rd8 13.Qh4 Qe2 14.Bd2 Rxd2 15.Nxd2 Qxd2
16.Rad1 Qh6 17.Qg3 Qc6 18.Rd4 Nc8 19.Rfd1 Nd6 20.c4 f6 21.Qa3 Kf7 22.c5 Nb5
23.Qb3+ e6 24.Rd6 Be7 25.a4 Nc7 26.Qg3 Nd5 27.R1xd5  1/2-1/2

[Event "Czech Open GMA"]
[Site "Pardubice CZE"]
[Date "2007.07.20"]
[Round "1"]
[White "Smerdon,D"]
[Black "Steiner,B"]
[Result "1-0"]
[WhiteElo "2461"]
[BlackElo "2260"]

1.e4 c5 2.c3 Nf6 3.e5 Nd5 4.Nf3 e6 5.d4 cxd4 6.cxd4 d6 7.Bc4 Nc6 8.Qe2 Be7
9.O-O O-O 10.Nc3 dxe5 11.dxe5 Nxc3 12.bxc3 Qa5 13.Rd1 Rd8 14.Bg5 Bxg5 15.Nxg5 h6
16.Nf3 Bd7 17.Rab1 Be8 18.Bd3 Qxc3 19.Qe3 Qa5 20.Qe4 g6 21.h4 Rd5 22.h5 Nxe5
23.Nxe5 Rxe5 24.Qxb7 Qd5 25.Qe7 Rg5 26.Bf1 Qxa2 27.hxg6 Rxg6 28.Rb7 Kg7 29.Rd3 Qa1
30.Rf3 Rf6 31.Rg3+ Rg6 32.Rbb3 Rc8 33.Rxg6+ Kxg6 34.Rg3+ Kf5 35.Rf3+ Kg6
36.Kh2 Qe5+ 37.Rg3+ Kh5 38.Qf6 Qxf6 39.Be2+ Kh4 40.Rg4+ Kh5 41.Rg7+ Kh4 42.g3+  1-0

[Event "29th Politiken Cup"]
[Site "Copenhagen DEN"]
[Date "2007.07.21"]
[Round "1"]
[White "Andersen,Ru2"]
[Black "Stripunsky,A"]
[Result "0-1"]
[WhiteElo "2016"]
[BlackElo "2589"]

1.e4 c5 2.c3 Nf6 3.e5 Nd5 4.d4 cxd4 5.Nf3 e6 6.cxd4 d6 7.Bd3 Nb4 8.O-O Nxd3
9.Qxd3 Nc6 10.Bg5 f6 11.exf6 gxf6 12.Bh4 d5 13.Re1 Bg7 14.Nc3 O-O 15.Re2 Ne7
16.g4 Ng6 17.Bg3 Bd7 18.Rae1 Qb6 19.h4 Bh6 20.g5 fxg5 21.h5 Nf4 22.Bxf4 Rxf4
23.Ne5 Be8 24.Ng6 Rxd4 25.Ne7+ Kh8 26.Nexd5 Rxd3 27.Nxb6 axb6 28.Rxe6 Bc6
29.Rxh6 Rh3 30.f3 Kg7 31.Rhe6 Rxf3 32.h6+ Kf7 33.Re7+ Kg6 34.R1e6+ Kh5 35.Rxh7 Raf8
36.Ne4 R8f4 37.Rhe7 Rg4+ 38.Kh2 Kh4 39.Nxg5 Rf2+  0-1

[Event "Sun Pawn A"]
[Site "Ilichevsk UKR"]
[Date "2007.07.21"]
[Round "2"]
[White "Zernyshkin,V"]
[Black "Kashlinskaya,A"]
[Result "1-0"]
[WhiteElo "2159"]
[BlackElo "2201"]

1.e4 c5 2.c3 Nf6 3.e5 Nd5 4.Nf3 Nc6 5.d4 cxd4 6.cxd4 d6 7.Bc4 dxe5 8.dxe5 Ndb4
9.Qb3 e6 10.O-O Na5 11.Bb5+ Bd7 12.Qa4 Bxb5 13.Qxb5+ Nac6 14.Nc3 a6 15.Qc4 Qd3
16.Qg4 h5 17.Qh4 Qf5 18.Qg3 Be7 19.Rd1 O-O 20.Bh6 Qg4 21.Bf4 Rfd8 22.h3 Qxg3
23.Bxg3 Nd3 24.Rd2 Rd7 25.Ne4 Bb4 26.Rc2 Rad8 27.a3 Be7 28.b4 Nd4 29.Nxd4 Rxd4
30.f3 h4 31.Bh2 b5 32.Kf1 Rc4 33.Rxc4 bxc4 34.Ra2 Nc1 35.Rd2 Rxd2 36.Nxd2 c3
37.Nc4 Bg5 38.Bg1 Nd3 39.Ne3 Nxe5 40.Nc2 Nd3 41.Bd4 Bd2 42.a4 e5 43.Bf2 Nxf2
44.Kxf2 Kf8 45.Ke2 Ke7 46.Na3 Kd6 47.Kd3 f5 48.b5 axb5 49.Nxb5+ Kc5 50.Nxc3 Bxc3
51.Kxc3 g5 52.Kd3 Kb4 53.a5 Kxa5 54.Kc4 Kb6 55.Kd5 e4 56.fxe4 f4 57.Ke5 g4
58.Kxf4 gxh3 59.gxh3 Kc5 60.Ke5 Kc4 61.Kf5 Kd4 62.e5 Kd5 63.e6  1-0